000 00915nac a22002777a 4500
001 BR9001741
003 BR-BrBNA
005 20240105121110.0
008 230509b bl.|||m| |||| 00| 0 por d
040 _aBR-BrBNA
_bpor
_cBiblioteca Nacional de Agricultura
072 _aF61
090 _a1910 BR9001741
100 1 _aBotrel, M. de A.
110 1 _aCentro Nacional de Pesquisa de Gado de Leite, Coronel Pacheco, MG (Brasil)
_91775
245 1 _aBases fisiologicas para o manejo de pastagem: curso de pecuaria leiteira
260 3 _aCoronel Pacheco, MG (Brasil):
_c1990.
300 _a19 p.
490 _aDocumentos - Centro Nacional de Pesquisa de Gado de Leite (Brazil)
_vno. 35
_xISSN 0101-0581
500 _a18 ref.
650 _aPASTAGEM
650 _aANALISE FOLIAR
650 _aCARBOIDRATO
650 _aMERISTEMA
909 _a202312
_bLúcia Elande
_c55
_dLúcia Elande
942 _2AGRIS
_n0
_cMS
999 _c283295
_d283295